000 00485nam a2200169Ia 4500
008 231217s9999 xx 000 0 und d
020 _a201055724
041 _aEnglish
082 _a621.47 PEN;1 R
100 _aPenner, S S. Icerman, L.
245 0 _aEnergy Vol.1 : demands, resources, impact, technology and policy
250 _a2nd rev ed.
260 _c1981
_bAddison weslay longman
_aLondon
300 _a505
650 _aRenewable,energy,India,assessment
942 _cAA
999 _c198557
_d198557